|
|
|
|
| LEADER |
00000cam a2200000 a 4500 |
| 001 |
vtls008360461 |
| 003 |
SK-MaSNL |
| 005 |
20260302003937.0 |
| 008 |
230403s1961 xo grn 001 e slo |
| 015 |
|
|
|a SNBA1961/10-02079
|
| 020 |
|
|
|q (viazané)
|
| 035 |
|
|
|a SK01SNK19610052678
|
| 035 |
|
|
|a urn:nbn:sk:snk-am3is4i
|
| 035 |
|
|
|a 41C590C2-4301-484C-8507-EF2EE6873D20
|
| 035 |
|
|
|a urn:nbn:sk:snk-am00ffra
|
| 035 |
|
|
|a SKM000055141
|
| 040 |
|
|
|a SNK
|b slo
|c SNK
|e AACR2
|
| 041 |
1 |
|
|a slo
|h fre
|
| 044 |
|
|
|a xo
|c SK
|
| 080 |
|
|
|a (0:82-4)
|2 2011
|
| 080 |
|
|
|a 821.133.1-051
|2 2011
|
| 080 |
|
|
|a 821.133.1-1-051
|2 2011
|
| 080 |
|
|
|a (042.5)
|2 2011
|
| 080 |
|
|
|a (046)
|2 2011
|
| 080 |
|
|
|a 82.02(1-664)
|2 2011
|
| 100 |
1 |
|
|a Aragon, Louis,
|d 1897-1982
|4 aut
|9 19315
|
| 240 |
1 |
0 |
|a J'abats mon jeu
|l Slovensko
|
| 245 |
1 |
0 |
|a Odkrývam karty
|c Louis Aragon ; z francúzskeho originálu J'abats mon jeu ... preložil a poznámky napísal Michal Bartko
|
| 250 |
|
|
|a I. vydanie
|
| 260 |
|
|
|a Bratislava
|b Slovenské vydavateľstvo krásnej literatúry
|c 1961
|
| 300 |
|
|
|a 247 strán
|c 21 cm
|
| 366 |
|
|
|e 1000 kusov
|
| 490 |
1 |
|
|a Otázky literatúry
|v zväzok 32
|
| 500 |
|
|
|a Obsahuje bibliografické odkazy a poznámky ; index mien s poznámkami
|
| 600 |
1 |
7 |
|a Aragon, Louis,
|d 1897-1982
|2 SNKMA
|9 19315
|
| 650 |
0 |
7 |
|a francúzski spisovatelia
|2 SNKPH
|9 66466
|
| 650 |
0 |
7 |
|a francúzski básnici
|2 SNKPH
|9 121585
|
| 650 |
0 |
7 |
|a socialistický realizmus (literatúra)
|2 SNKPH
|9 73000
|
| 655 |
|
7 |
|a eseje
|2 SNKPH
|9 57030
|
| 655 |
|
7 |
|a prejavy
|2 SNKPH
|9 70401
|
| 655 |
|
7 |
|a články
|2 SNKPH
|9 70601
|
| 700 |
1 |
|
|a Bartko, Michal,
|d 1923-2008
|4 trl
|4 cwt
|9 131593
|
| 830 |
|
0 |
|a Otázky literatúry
|9 381494
|
| 852 |
|
|
|a Slovenská národná knižnica
|
| 954 |
|
|
|a odborná, vedecká literatúra cudzojazyčná (svetová)
|2 lita
|
| 958 |
|
|
|a RK
|
| 958 |
|
|
|a TL
|
| 958 |
|
|
|a OND
|
| 958 |
|
|
|a OP
|
| 958 |
|
|
|a NB
|
| 958 |
|
|
|a LX
|
| 958 |
|
|
|a EUIPO
|
| 968 |
|
|
|b FR
|
| 999 |
|
|
|c 993948
|d 995878
|
| 952 |
|
|
|a SNK
|b SNK
|y VYP
|7 0
|p 17A0588889
|o snkSC 15855 D1
|i snkKSP 5869/61
|0 0
|1 0
|4 0
|d 2008-06-23
|l 0
|r 2026-02-24 11:58:30
|w 2026-02-24
|
| 952 |
|
|
|a SNK
|b SNK
|y PREZ
|7 0
|p 17A0842126
|o snkSC 15855
|i snkKSP 5862/61
|0 0
|1 0
|4 0
|d 2020-04-16
|f 1
|l 0
|r 2025-07-18 00:00:00
|w 2026-02-24
|